00736nam a2200241Ia 4500003000900000005001700009008004100026040001300067040001300080041000800093100002800101245005600129250000900185260002100194260000900215300001100224300001000235490001600245490000700261942001200268999001700280952019700297IT-RoPAU20220918175649.0120407s9999 xx 000 0 und d aIT-RoPAU cIT-RoPAU aita aBernardino Bordo935174 aS. Maria Goretti, come la ricordano i suoi fratelli aBari aEdizioni Paoline c1972 a102 p. c19 cm aGens Sancta v17 cBK2ddc c24048d24048 00102ddc406922_15170000000000071aPAULUSbPAULUSd2012-04-11l0o922.1517r2012-04-11 00:00:00w2012-04-11yBKzInserito da: Jole In data: 11 luglio 2011 fondo: Via A.Severo 56 Progr:31474